World Architecture (Record no. 14034)

000 -LEADER
fixed length control field 00313nam a2200145Ia 4500
003 - CONTROL NUMBER IDENTIFIER
control field OSt
005 - DATE AND TIME OF LATEST TRANSACTION
control field 20260401123837.0
008 - FIXED-LENGTH DATA ELEMENTS--GENERAL INFORMATION
fixed length control field 260210s9999 xx 000 0 und d
020 ## - INTERNATIONAL STANDARD BOOK NUMBER
International Standard Book Number 9780785822714
082 ## - DEWEY DECIMAL CLASSIFICATION NUMBER
Classification number 722
100 ## - MAIN ENTRY--PERSONAL NAME
Personal name Anderson
245 #0 - TITLE STATEMENT
Title World Architecture
260 ## - PUBLICATION, DISTRIBUTION, ETC. (IMPRINT)
Name of publisher, distributor, etc Chartwell
942 ## - ADDED ENTRY ELEMENTS (KOHA)
Item type PG Books
Source of classification or shelving scheme
Holdings
Withdrawn status Lost status Source of classification or shelving scheme Damaged status Koha normalized classification for sorting Not for loan Permanent location Current location Shelving location Date acquired Full call number Barcode Date last seen Price effective from Koha item type
        722_000000000000000   BMS College of Architecture, Design and Planning BMS College of Architecture, Design and Planning General Stacks 2025-12-02 722 AR-PG810 2026-02-10 2026-02-10 PG Books
Copyright © 2025, The Librarian, Library and Information Centre, BMSCA D&P, Bengaluru. All Rights Reserved
web counter

Powered by Koha